| 000 | 00391 a2200145 4500 | ||
|---|---|---|---|
| 020 | _a1844080404 | ||
| 082 | _a823.912 | ||
| 090 |
_c4924 _d4924 |
||
| 100 | _aDu Maurier, Daphne. | ||
| 245 |
_aMy Cousin Rachel _cDaphne Du Maurier |
||
| 260 |
_aLondon: _bVirago Press, _c 2003. |
||
| 300 |
_a333 p. ; _c20 cm. |
||
| 650 | _a 1.Romantic Suspense Novels.2.Love Stories. | ||
| 942 |
_cBK _k823.912 DUM |
||
| 999 |
_c8801 _d8801 |
||